000 00442nam a2200181Ia 4500
005 20240823043842.0
008 240823s9999||||xx |||||||||||||| ||und||
041 _aENGLISH
082 _A621.3815324 N2
100 _a"Antoniou,Andreas"
245 0 _aDigital Filters Analysis and Design
250 _a1st
260 _c1992
_b"TMH,New Delhi"
500 _aTRANSFERED
650 _aDigital
_bElectronics
942 _cBK
999 _c211188
_d211188